[Event "SR 2. liga A 2007/2008"]
[Site "?"]
[Date "2007.12.02"]
[Round "6.3"]
[White "Matulik, Daniel"]
[Black "Diviak, Rastislav"]
[Result "1/2-1/2"]
[WhiteElo "2163"]
[BlackElo "2014"]
[PlyCount "23"]
[EventDate "2007.??.??"]
[WhiteTeam "Piestany"]
[BlackTeam "Osuske"]
[WhiteTeamCountry "SVK"]
[BlackTeamCountry "SVK"]

1. Nf3 Nf6 2. g3 d5 3. Bg2 g6 4. O-O Bg7 5. d4 O-O 6. c4 c6 7. cxd5 cxd5 8. Nc3
Nc6 9. Bf4 Bf5 10. Rc1 Ne4 11. Ne5 Rc8 12. h3 1/2-1/2

[Event "SR 2. liga A 2007/2008"]
[Site "?"]
[Date "2007.12.02"]
[Round "6.3"]
[White "Petenyi, Tamas"]
[Black "Bury, Rastislav"]
[Result "1/2-1/2"]
[WhiteElo "2196"]
[BlackElo "2130"]
[PlyCount "37"]
[EventDate "2007.??.??"]
[WhiteTeam "Slovakia"]
[BlackTeam "Slovakia"]
[WhiteTeamCountry "SVK"]
[BlackTeamCountry "SVK"]

1. e4 e5 2. Nf3 Nc6 3. Bb5 a6 4. Ba4 Nf6 5. O-O Be7 6. Re1 b5 7. Bb3 O-O 8. h3
d6 9. c3 Bb7 10. d4 Re8 11. Ng5 Rf8 12. Nf3 Re8 13. Nbd2 Bf8 14. d5 Nb8 15. Nf1
h6 16. Ng3 Nbd7 17. Bc2 c6 18. dxc6 Bxc6 19. Nh2 1/2-1/2

[Event "SR 2. liga A 2007/2008"]
[Site "?"]
[Date "2007.12.02"]
[Round "6.4"]
[White "Lauf, Pavol"]
[Black "Csiba, Dominik"]
[Result "0-1"]
[WhiteElo "2158"]
[BlackElo "2111"]
[PlyCount "40"]
[EventDate "2007.??.??"]
[WhiteTeam "Slovakia"]
[BlackTeam "Slovakia"]
[WhiteTeamCountry "SVK"]
[BlackTeamCountry "SVK"]

1. c4 Nf6 2. Nc3 d5 3. cxd5 Nxd5 4. d4 g6 5. Nf3 Bg7 6. e4 Nxc3 7. bxc3 c5 8.
Be3 O-O 9. Be2 Nc6 10. O-O cxd4 11. cxd4 Bg4 12. Rb1 Bxf3 13. Bxf3 Bxd4 14.
Bxd4 Nxd4 15. Rxb7 e5 16. Qa4 Qg5 17. Bd1 Qf4 18. Re1 Qd2 19. Kf1 Rac8 20. Rb1
Qd3+ 0-1

[Event "SR 2. liga A 2007/2008"]
[Site "?"]
[Date "2007.12.02"]
[Round "6.4"]
[White "Mikulas, Dusan"]
[Black "Janos, Ivan"]
[Result "0-1"]
[WhiteElo "2189"]
[BlackElo "2120"]
[Annotator ",Kaiko"]
[PlyCount "82"]
[EventDate "2007.??.??"]
[WhiteTeam "Slovakia"]
[BlackTeam "Slovakia"]
[WhiteTeamCountry "SVK"]
[BlackTeamCountry "SVK"]
[TimeControl "240+2"]

{74MB, Hiarcs10.ctg} 1. e4 c5 2. Nf3 e6 3. d4 cxd4 4. Nxd4 Nc6 5. Nc3 Qc7 6. f4
a6 7. Nf3 b5 8. a3 Bc5 9. e5 f5 10. g4 Bb7 11. gxf5 Qb6 12. Bg2 Nce7 13. Qe2
Nxf5 14. Ne4 Be7 15. Bd2 Rc8 16. Bc3 Rc4 17. Nfd2 Bh4+ 18. Kd1 Rxc3 19. bxc3
Nge7 20. Nd6+ Nxd6 21. exd6 Nf5 22. Bxb7 Qxb7 23. Qf3 Qxf3+ 24. Nxf3 Bf6 25.
Ne5 Nxd6 26. a4 Ne4 27. axb5 axb5 28. Ra8+ Bd8 29. Ke2 Rf8 30. Nd3 Nxc3+ 31.
Ke3 Nd5+ 32. Ke4 Ke7 33. Rha1 Rf5 34. Rb8 Bc7 35. Rb7 Bxf4 36. Raa7 Nf6+ 37.
Kd4 Bxh2 38. Kc3 g5 39. Nb4 Rc5+ 40. Kb3 g4 41. Na6 Rg5 0-1

[Event "SR 2. liga A 2007/2008"]
[Site "?"]
[Date "2007.12.02"]
[Round "6.4"]
[White "Peska, Juraj"]
[Black "Janko, Ladislav"]
[Result "0-1"]
[WhiteElo "1966"]
[BlackElo "2195"]
[PlyCount "80"]
[EventDate "2007.??.??"]
[WhiteTeam "Slovakia"]
[BlackTeam "Slovakia"]
[WhiteTeamCountry "SVK"]
[BlackTeamCountry "SVK"]

1. c4 g6 2. Nc3 Bg7 3. g3 Nc6 4. Bg2 e5 5. Nf3 d6 6. d3 Nf6 7. O-O O-O 8. Bd2
Nd4 9. Nxd4 exd4 10. Nd5 c6 11. Nxf6+ Qxf6 12. Bf4 Re8 13. Re1 g5 14. Bd2 Bg4
15. h3 Bh5 16. g4 Bg6 17. b4 Re5 18. a4 Qe7 19. b5 c5 20. a5 Re8 21. Bf3 f5 22.
Kf1 fxg4 23. hxg4 Rf8 24. Bd5+ Bf7 25. Bxf7+ Qxf7 26. f3 h5 27. gxh5 Qxh5 28.
Kg2 g4 29. Rh1 gxf3+ 30. exf3 Qg6+ 31. Kf2 Qxd3 32. Rc1 Rxf3+ 33. Qxf3 Qxd2+
34. Kg3 Re3 35. Qxe3 dxe3 36. Rhe1 Qf2+ 37. Kg4 e2 38. a6 b6 39. Rg1 Bc3 40.
Kh5+ Kf7 0-1

[Event "SR 2. liga A 2007/2008"]
[Site "?"]
[Date "2007.12.02"]
[Round "6.4"]
[White "Polacik, Igor"]
[Black "Petrik, Karol"]
[Result "1/2-1/2"]
[WhiteElo "2130"]
[BlackElo "2167"]
[PlyCount "99"]
[EventDate "2007.??.??"]
[WhiteTeam "Slovakia"]
[BlackTeam "Slovakia"]
[WhiteTeamCountry "SVK"]
[BlackTeamCountry "SVK"]

1. e4 d5 2. Nc3 e6 3. d4 Nf6 4. e5 Nfd7 5. f4 a6 6. Bd3 c5 7. Nf3 Nc6 8. dxc5
Nxc5 9. O-O Nxd3 10. cxd3 Be7 11. d4 O-O 12. Qd3 f6 13. Be3 Bd7 14. exf6 Bxf6
15. Ne5 Be8 16. Rae1 Rc8 17. Rf3 Bh4 18. g3 Nxe5 19. dxe5 Bh5 20. Rf2 Be7 21.
f5 d4 22. Qxd4 exf5 23. Qa4 Kh8 24. Qb3 b5 25. Qe6 b4 26. Ne2 Bf7 27. Qxa6 Ra8
28. Qb5 Bxa2 29. Nd4 f4 30. Rxf4 Rxf4 31. gxf4 Bd5 32. Nf5 Bf3 33. Nd4 Rb8 34.
Qa6 Ba8 35. Qe6 Rb6 36. Qc4 Rg6+ 37. Kf1 Bg2+ 38. Ke2 Bd5 39. Qd3 Qc8 40. b3
Bb7 41. Kd1 Qa8 42. Bc1 Bh4 43. f5 Rg4 44. f6 gxf6 45. exf6 Bxf6 46. Bb2 Qd8
47. Qb5 Bf3+ 48. Kc1 Qc7+ 49. Kb1 Rg8 50. Re8 1/2-1/2

[Event "SR 2. liga A 2007/2008"]
[Site "?"]
[Date "2007.12.02"]
[Round "6.5"]
[White "Hazir, Svetozar"]
[Black "Slovik, Vojtech"]
[Result "1-0"]
[WhiteElo "2130"]
[BlackElo "2037"]
[PlyCount "151"]
[EventDate "2007.??.??"]
[WhiteTeam "Slovakia"]
[BlackTeam "Slovakia"]
[WhiteTeamCountry "SVK"]
[BlackTeamCountry "SVK"]

1. e4 e6 2. d4 d5 3. Nd2 Nf6 4. e5 Nfd7 5. Bd3 c5 6. c3 cxd4 7. cxd4 Nc6 8. Ne2
f6 9. exf6 Nxf6 10. O-O Bd6 11. Nf3 O-O 12. Bg5 Qc7 13. Nc3 Bf4 14. Bxf4 Qxf4
15. Ne2 Qh6 16. Ng3 Nh5 17. Nxh5 Qxh5 18. Bb5 Bd7 19. Bxc6 Bxc6 20. Ne5 Qf5 21.
Qe2 Be8 22. Rac1 Bh5 23. f3 Qf4 24. Qd3 Rac8 25. Rc3 a6 26. g3 Qg5 27. Kh1 Bg6
28. Nxg6 Rxc3 29. Qxc3 Qxg6 30. Re1 Qf7 31. Kg2 Qd7 32. Rc1 Qa4 33. a3 Qb5 34.
Rc2 Qb6 35. b4 Re8 36. f4 h6 37. Qe3 a5 38. Qe5 Re7 39. f5 Kf7 40. f6 gxf6 41.
Rf2 f5 42. g4 Ke8 43. gxf5 exf5 44. Qxd5 Qg6+ 45. Kf1 f4 46. Qb5+ Qc6 47. Qxc6+
bxc6 48. bxa5 Ra7 49. Rxf4 Rxa5 50. Rf6 Rxa3 51. Rxh6 Rd3 52. Rh4 Rd2 53. Ke1
Rc2 54. Re4+ Kf7 55. Re2 Rc3 56. Kf2 Rd3 57. Re4 Kf6 58. Rh4 Kg5 59. Ke2 Ra3
60. Rh8 Kf4 61. Re8 Ra2+ 62. Kd3 Rxh2 63. Re6 Rh1 64. Rxc6 Kf5 65. Kc4 Rc1+ 66.
Kd5 Rd1 67. Rc4 Rd2 68. Kd6 Rh2 69. d5 Rh6+ 70. Kc5 Ke5 71. Rc1 Rh8 72. Re1+
Kf6 73. d6 Rc8+ 74. Kd5 Rc2 75. Rf1+ Kg7 76. Rf4 1-0

[Event "SR 2. liga A 2007/2008"]
[Site "?"]
[Date "2007.12.02"]
[Round "6.5"]
[White "Jurcak, Marian"]
[Black "Pasko, Peter"]
[Result "0-1"]
[WhiteElo "1891"]
[BlackElo "2086"]
[PlyCount "98"]
[EventDate "2007.??.??"]
[WhiteTeam "Slovakia"]
[BlackTeam "Slovakia"]
[WhiteTeamCountry "SVK"]
[BlackTeamCountry "SVK"]

1. e4 c5 2. Nf3 d6 3. d4 cxd4 4. Nxd4 Nf6 5. Nc3 a6 6. Bg5 e6 7. f4 Qb6 8. Qd2
Qxb2 9. Rb1 Qa3 10. f5 Nc6 11. fxe6 fxe6 12. Nxc6 bxc6 13. e5 dxe5 14. Bxf6
gxf6 15. Ne4 f5 16. Be2 h5 17. Nf6+ Kf7 18. Nxh5 Bh6 19. Qb4 Qxb4+ 20. Rxb4 Be3
21. Rb3 Bd4 22. c3 Bc5 23. Ng3 Rh4 24. Kd2 Ra4 25. Ra1 Ba7 26. Bf3 e4 27. Bd1
Ra5 28. Be2 Rb8 29. Bc4 Kf6 30. Ke2 Ra4 31. Rxb8 Bxb8 32. Bb3 Ra5 33. Rd1 Bc7
34. Nf1 Rc5 35. c4 Re5 36. Ne3 Ke7 37. g3 f4 38. gxf4 Rh5 39. Ng4 Bxf4 40. Rf1
e5 41. Rg1 Rh4 42. Nf2 Rxh2 43. Ke1 Bf5 44. Rg7+ Kf8 45. Rg1 e3 46. Nd1 Bd3 47.
Nc3 Bg3+ 48. Kd1 Bf2 49. Ne2 Bxg1 0-1

[Event "SR 2. liga A 2007/2008"]
[Site "?"]
[Date "2007.12.02"]
[Round "6.5"]
[White "Lesny, Stefan"]
[Black "Macka, Oto"]
[Result "1/2-1/2"]
[WhiteElo "2105"]
[BlackElo "2044"]
[PlyCount "52"]
[EventDate "2007.??.??"]
[WhiteTeam "Slovakia"]
[BlackTeam "Slovakia"]
[WhiteTeamCountry "SVK"]
[BlackTeamCountry "SVK"]

1. e4 c5 2. f4 d5 3. e5 Nc6 4. c3 Qb6 5. Nf3 Bf5 6. d3 e6 7. Be2 Be7 8. Nbd2
Nh6 9. Nf1 f6 10. exf6 gxf6 11. Nh4 O-O-O 12. Nxf5 Nxf5 13. Qc2 Rhg8 14. g3 Kb8
15. Ne3 d4 16. Nxf5 exf5 17. Qb3 c4 18. dxc4 dxc3 19. Qxb6 axb6 20. bxc3 Bc5
21. Bb2 Rd7 22. Rd1 Re7 23. Rd2 Rge8 24. Kf1 Re3 25. Rc2 Rd8 26. Bc1 Re4
1/2-1/2

[Event "SR 2. liga A 2007/2008"]
[Site "?"]
[Date "2007.12.02"]
[Round "6.5"]
[White "Nagy, Tomas"]
[Black "Kollarik, Gorazd"]
[Result "1-0"]
[WhiteElo "2183"]
[BlackElo "1972"]
[PlyCount "53"]
[EventDate "2007.??.??"]
[WhiteTeam "Slovakia"]
[BlackTeam "Slovakia"]
[WhiteTeamCountry "SVK"]
[BlackTeamCountry "SVK"]

1. d4 Nf6 2. Nf3 d5 3. c4 e6 4. Nc3 Be7 5. Bg5 O-O 6. e3 b6 7. cxd5 Nxd5 8.
Bxe7 Qxe7 9. Nxd5 exd5 10. a3 Bg4 11. Rc1 Rc8 12. Bd3 h6 13. h3 Be6 14. O-O c5
15. Ne5 Nd7 16. f4 Nxe5 17. dxe5 Bd7 18. Ba6 Rc7 19. Qxd5 Bc6 20. Qc4 Rd8 21.
Rcd1 Rcd7 22. Qe2 Qe6 23. Bc4 Qf5 24. Rxd7 Qxd7 25. f5 Bd5 26. Rd1 Qc6 27. e4
1-0

[Event "SR 2. liga A 2007/2008"]
[Site "?"]
[Date "2007.12.02"]
[Round "6.5"]
[White "Syrovy, Ivan"]
[Black "Hebelka, Milos"]
[Result "1/2-1/2"]
[WhiteElo "2097"]
[BlackElo "2121"]
[Annotator ",Kaiko"]
[PlyCount "118"]
[EventDate "2007.??.??"]
[WhiteTeam "Slovakia"]
[BlackTeam "Slovakia"]
[WhiteTeamCountry "SVK"]
[BlackTeamCountry "SVK"]
[TimeControl "240+2"]

{74MB, Hiarcs10.ctg} 1. e4 c6 2. d4 d5 3. e5 Bf5 4. Be3 e6 5. Nd2 h5 6. f4 g6
7. Ngf3 h4 8. Nb3 Nd7 9. Bd3 Nh6 10. Qe2 Bxd3 11. Qxd3 Nf5 12. Kf2 Be7 13. g4
Nxe3 14. Qxe3 h3 15. g5 a5 16. c3 a4 17. Nbd2 c5 18. Rhc1 Qa5 19. Kg3 Qa6 20.
Ng1 Rc8 21. Nxh3 Nb6 22. Ng1 Kd7 23. Qe2 c4 24. a3 Rh5 25. h4 Rch8 26. Ngf3 Nc8
27. Nf1 Na7 28. Kg2 Nc6 29. Ng3 R5h7 30. Rh1 Qa8 31. Rh2 b5 32. Rah1 Qg8 33.
Qc2 Bd8 34. h5 Ne7 35. hxg6 Rxh2+ 36. Rxh2 Nxg6 37. Qd2 Rxh2+ 38. Kxh2 Qh7+ 39.
Kg2 Ne7 40. Nh2 Nc6 41. Ng4 Na5 42. Nf6+ Bxf6 43. exf6 Qd3 44. Qf2 Nb3 45. f5
exf5 46. Qxf5+ Qxf5 47. Nxf5 Nc1 48. Ne3 Ke6 49. Nxd5 Kf5 50. Nc7 Nd3 51. Nxb5
Kxg5 52. Nd6 Nxb2 53. Nxf7+ Kxf6 54. Nd6 Ke6 55. Ne4 Kd5 56. Kf3 Nd3 57. Nd2
Ne1+ 58. Ke2 Nc2 59. Nb1 Ke4 1/2-1/2

[Event "SR 2. liga A 2007/2008"]
[Site "?"]
[Date "2007.12.02"]
[Round "6.6"]
[White "Goga, Frantisek"]
[Black "Sosovicka, Juraj"]
[Result "1/2-1/2"]
[WhiteElo "1990"]
[BlackElo "1719"]
[PlyCount "77"]
[EventDate "2007.??.??"]
[WhiteTeam "Slovakia"]
[BlackTeam "Slovakia"]
[WhiteTeamCountry "SVK"]
[BlackTeamCountry "SVK"]

1. e4 e5 2. Nf3 Nc6 3. d4 exd4 4. Bc4 Bc5 5. c3 Nf6 6. e5 d5 7. exf6 dxc4 8.
fxg7 Rg8 9. Qe2+ Qe7 10. Qxe7+ Bxe7 11. Nxd4 Nxd4 12. cxd4 Bf6 13. Be3 c5 14.
Na3 cxd4 15. Bh6 Be6 16. Nb5 Ke7 17. O-O-O Rad8 18. Rhe1 a6 19. Nc7 Bxg7 20.
Bxg7 Rxg7 21. g3 Rg6 22. Re4 Rd7 23. Nxe6 Rxe6 24. Rexd4 Rxd4 25. Rxd4 b5 26.
Kd2 Rc6 27. a3 Rc5 28. f4 Ke6 29. g4 a5 30. Kc3 Rc6 31. Re4+ Kd6 32. Re5 Rc5
33. Re8 Rd5 34. Rd8+ Kc6 35. Rc8+ Kd6 36. Rd8+ Kc6 37. Rc8+ Kd6 38. Rd8+ Kc6
39. Rc8+ 1/2-1/2

[Event "SR 2. liga A 2007/2008"]
[Site "?"]
[Date "2007.12.02"]
[Round "6.6"]
[White "Milanov, Jasen"]
[Black "Beles, Milan"]
[Result "0-1"]
[WhiteElo "1970"]
[BlackElo "2105"]
[Annotator ",Kaiko"]
[PlyCount "58"]
[EventDate "2007.??.??"]
[WhiteTeam "Slovakia"]
[BlackTeam "Slovakia"]
[WhiteTeamCountry "SVK"]
[BlackTeamCountry "SVK"]
[TimeControl "240+2"]

{74MB, Hiarcs10.ctg} 1. c4 c5 2. Nc3 Nf6 3. e4 e6 4. e5 Ng8 5. d4 cxd4 6. Qxd4
Nc6 7. Qe4 d6 8. exd6 Bxd6 9. Bd2 Nf6 10. Qh4 a6 11. Nf3 Qc7 12. Qg5 O-O 13.
Be2 e5 14. Nd5 Nxd5 15. cxd5 Nd4 16. Nxd4 exd4 17. Bd3 Re8+ 18. Kf1 Qb6 19. Rb1
Bd7 20. Qh4 h6 21. Kg1 Bb5 22. Be4 Re5 23. g3 Rae8 24. Bf3 Be2 25. Kg2 Bxf3+
26. Kxf3 Qc5 27. Kg2 Qxd5+ 28. Kg1 Re2 29. Bf4 Re1+ 0-1

[Event "SR 2. liga A 2007/2008"]
[Site "?"]
[Date "2007.12.02"]
[Round "6.6"]
[White "Racik, Marek"]
[Black "Nagy, Attilla"]
[Result "0-1"]
[WhiteElo "1912"]
[BlackElo "2184"]
[PlyCount "54"]
[EventDate "2007.??.??"]
[WhiteTeam "Slovakia"]
[BlackTeam "Slovakia"]
[WhiteTeamCountry "SVK"]
[BlackTeamCountry "SVK"]

1. Nf3 Nf6 2. c4 c6 3. g3 d5 4. b3 Bf5 5. Bb2 e6 6. Bg2 Nbd7 7. O-O Be7 8. d4
O-O 9. Nbd2 Ne4 10. Rc1 a5 11. cxd5 cxd5 12. Ne5 Nxd2 13. Qxd2 Nxe5 14. dxe5 a4
15. b4 a3 16. Bd4 Ra4 17. Bc5 b6 18. Qd1 Ra7 19. Bxe7 Qxe7 20. Qd4 Ra4 21. Qxb6
Qxb4 22. Qxb4 Rxb4 23. Rc3 Ra8 24. Rfc1 h6 25. Rc8+ Rxc8 26. Rxc8+ Kh7 27. Ra8
Rb1+ 0-1

[Event "SR 2. liga A 2007/2008"]
[Site "?"]
[Date "2007.12.02"]
[Round "6.6"]
[White "Stefan, Oldrich"]
[Black "Obdrzalkova, Anita"]
[Result "1/2-1/2"]
[WhiteElo "2044"]
[BlackElo "2064"]
[PlyCount "29"]
[EventDate "2007.??.??"]
[WhiteTeam "Slovakia"]
[BlackTeam "Slovakia"]
[WhiteTeamCountry "SVK"]
[BlackTeamCountry "SVK"]

1. d4 Nf6 2. Nf3 d5 3. c4 e6 4. Nc3 Be7 5. Bg5 O-O 6. e3 Nbd7 7. Bd3 dxc4 8.
Bxc4 b6 9. O-O Bb7 10. Qe2 Ne4 11. Nxe4 Bxe4 12. Bxe7 Qxe7 13. Nd2 Bb7 14. e4
c5 15. dxc5 1/2-1/2

[Event "SR 2. liga A 2007/2008"]
[Site "?"]
[Date "2007.12.02"]
[Round "6.6"]
[White "Vrba, Michal"]
[Black "Farkas, Vladimir"]
[Result "1/2-1/2"]
[WhiteElo "1970"]
[BlackElo "2076"]
[PlyCount "43"]
[EventDate "2007.??.??"]
[WhiteTeam "Slovakia"]
[BlackTeam "Slovakia"]
[WhiteTeamCountry "SVK"]
[BlackTeamCountry "SVK"]

1. e4 d6 2. d4 Nf6 3. Nc3 g6 4. Bg5 Bg7 5. e5 Ng8 6. f4 d5 7. Nf3 Nh6 8. Qd2 f6
9. Bh4 O-O 10. exf6 exf6 11. O-O-O c6 12. h3 b5 13. g4 Nf7 14. Bg2 a5 15. Ne5
Qd6 16. Nxf7 Kxf7 17. Rhe1 Nd7 18. f5 Nb6 19. Qf2 b4 20. Bg3 Qd8 21. Ne2 Ra7
22. Nf4 1/2-1/2

[Event "SR 2. liga A 2007/2008"]
[Site "?"]
[Date "2007.12.02"]
[Round "6.7"]
[White "Lukacovic, Miroslav"]
[Black "Slamka, Michal"]
[Result "1/2-1/2"]
[WhiteElo "1983"]
[BlackElo "1703"]
[PlyCount "70"]
[EventDate "2007.??.??"]
[WhiteTeam "Slovakia"]
[BlackTeam "Slovakia"]
[WhiteTeamCountry "SVK"]
[BlackTeamCountry "SVK"]

1. d4 Nf6 2. Nf3 e6 3. Bg5 Be7 4. Nbd2 b6 5. e3 Bb7 6. Bd3 d6 7. O-O Nbd7 8. c4
O-O 9. Rc1 c5 10. Re1 Qc7 11. e4 e5 12. d5 h6 13. Be3 Ng4 14. Nf1 Nxe3 15. Nxe3
g6 16. h4 Bf6 17. h5 Qd8 18. Nh2 Bg5 19. Rc2 Nf6 20. Nhg4 Nxh5 21. g3 Bxe3 22.
Nxe3 Bc8 23. Ng2 Qg5 24. Be2 Ng7 25. f4 Qe7 26. Bf3 Bd7 27. Qd2 g5 28. f5 h5
29. Ne3 g4 30. Bxg4 hxg4 31. Nxg4 Bxf5 32. Nh6+ Kh8 33. Nxf5 Nxf5 34. exf5 Kg7
35. Rf1 f6 1/2-1/2

[Event "SR 2. liga A 2007/2008"]
[Site "?"]
[Date "2007.12.02"]
[Round "6.7"]
[White "Michal, Silvio"]
[Black "Hecht, Tomas"]
[Result "1-0"]
[WhiteElo "2083"]
[BlackElo "1986"]
[Annotator ",Kaiko"]
[PlyCount "71"]
[EventDate "2007.??.??"]
[WhiteTeam "Slovakia"]
[BlackTeam "Slovakia"]
[WhiteTeamCountry "SVK"]
[BlackTeamCountry "SVK"]
[TimeControl "240+2"]

{74MB, Hiarcs10.ctg} 1. d4 Nf6 2. c4 e6 3. g3 d5 4. Bg2 c5 5. Nf3 cxd4 6. O-O
Nc6 7. Nxd4 Bc5 8. Nxc6 bxc6 9. Nc3 Bb7 10. Bg5 h6 11. Bxf6 gxf6 12. Qa4 Qd7
13. e3 h5 14. h4 a5 15. Rfd1 Ke7 16. Ne4 Bd6 17. Nxd6 Qxd6 18. cxd5 cxd5 19.
Rac1 Rhg8 20. e4 Rg4 21. Qb5 Rb8 22. Qxa5 f5 23. exd5 e5 24. Qc7+ Qxc7 25.
Rxc7+ Kf6 26. Bf3 Rd4 27. Rc5 Rd8 28. Rxd4 exd4 29. Rb5 Rd7 30. a4 d3 31. Rb3
Ba6 32. Rb6+ Ke5 33. Rxa6 d2 34. d6 Rb7 35. Ra5+ Kf6 36. Rd5 1-0

[Event "SR 2. liga A 2007/2008"]
[Site "?"]
[Date "2007.12.02"]
[Round "6.7"]
[White "Mihalik, Anton"]
[Black "Cajka, Tibor"]
[Result "0-1"]
[WhiteElo "1981"]
[BlackElo "1830"]
[PlyCount "70"]
[EventDate "2007.??.??"]
[WhiteTeam "Piestany"]
[BlackTeam "Osuske"]
[WhiteTeamCountry "SVK"]
[BlackTeamCountry "SVK"]

1. e4 c5 2. Nc3 Nc6 3. g3 g6 4. Bg2 Bg7 5. d3 Nf6 6. Nge2 O-O 7. O-O d6 8. h3
Bd7 9. Kh2 Rb8 10. Be3 b5 11. Qd2 b4 12. Nd1 Re8 13. c3 a5 14. d4 c4 15. f4 e5
16. fxe5 dxe5 17. d5 Ne7 18. Bg5 Nc8 19. g4 Qb6 20. Ne3 Bb5 21. Rf2 Nd7 22.
Raf1 Nd6 23. Nc2 b3 24. axb3 cxb3 25. Be3 Nc4 26. Qc1 Nxe3 27. Nxe3 Bh6 28. Nc4
Qxf2 29. Rxf2 Bxc1 30. Nd6 Bxb2 31. c4 Ba4 32. c5 Nxc5 33. Nc4 Bd4 34. Nxd4
exd4 35. Nb2 Bb5 0-1

[Event "SR 2. liga A 2007/2008"]
[Site "?"]
[Date "2007.12.02"]
[Round "6.7"]
[White "Peitl, Tomas"]
[Black "Chovanec, Vladimir"]
[Result "0-1"]
[WhiteElo "2031"]
[BlackElo "2106"]
[PlyCount "110"]
[EventDate "2007.??.??"]
[WhiteTeam "Slovakia"]
[BlackTeam "Slovakia"]
[WhiteTeamCountry "SVK"]
[BlackTeamCountry "SVK"]

1. e4 c5 2. Nf3 Nc6 3. d4 cxd4 4. Nxd4 e5 5. Nb5 d6 6. N1c3 a6 7. Na3 b5 8. Nd5
Nge7 9. Bg5 h6 10. Bh4 Qa5+ 11. c3 Be6 12. Be2 Bxd5 13. exd5 Nd4 14. O-O Nxe2+
15. Qxe2 g5 16. Bg3 Bg7 17. c4 b4 18. Nc2 Qb6 19. Qe3 Qxe3 20. fxe3 a5 21. e4
Rc8 22. b3 O-O 23. a3 a4 24. axb4 axb3 25. Na3 f5 26. Rab1 fxe4 27. Rfe1 Nf5
28. Rxb3 e3 29. Rc1 e4 30. c5 Bd4 31. Nb5 dxc5 32. bxc5 Rxc5 33. Re1 Rxb5 34.
Rxb5 e2+ 35. Bf2 Bxf2+ 36. Kxf2 Nd4+ 37. Ke3 Nxb5 38. Rxe2 Rd8 39. Rc2 Rxd5 40.
Kxe4 Rd7 41. g3 Kg7 42. Rb2 Nd6+ 43. Kd5 Ne8+ 44. Ke6 Rf7 45. Rb8 Nf6 46. Rb4
Nh5 47. h4 Rf6+ 48. Ke5 Nxg3 49. Rg4 Rf4 50. Rxg3 Rxh4 51. Ra3 Kg6 52. Ra6+ Kh5
53. Kf5 Rf4+ 54. Ke5 Rf8 55. Rb6 g4 0-1

[Event "SR 2. liga A 2007/2008"]
[Site "?"]
[Date "2007.12.02"]
[Round "6.7"]
[White "Zitniak, Jozef"]
[Black "Tomanek, Rafael"]
[Result "0-1"]
[WhiteElo "1922"]
[BlackElo "1998"]
[PlyCount "142"]
[EventDate "2007.??.??"]
[WhiteTeam "Slovakia"]
[BlackTeam "Slovakia"]
[WhiteTeamCountry "SVK"]
[BlackTeamCountry "SVK"]

1. e4 c6 2. d4 d5 3. e5 Bf5 4. Ne2 e6 5. Ng3 Bg6 6. Nd2 Qb6 7. Nb3 Nd7 8. c3 c5
9. Be2 cxd4 10. cxd4 Ne7 11. O-O Nc6 12. Be3 Be7 13. Nh5 O-O 14. Nf4 Rfc8 15.
Nxg6 hxg6 16. Qd2 a5 17. Rab1 a4 18. Na1 Qa5 19. Rfd1 Qxd2 20. Rxd2 Nb6 21. a3
Nc4 22. Bxc4 dxc4 23. Nc2 b5 24. f4 Rd8 25. Rbd1 b4 26. d5 Rxd5 27. Rxd5 exd5
28. Rxd5 c3 29. bxc3 bxa3 30. Bc5 a2 31. Bxe7 Nxe7 32. Rd1 Rc8 33. Ra1 Nd5 34.
Rxa2 Nxc3 35. Rb2 Ne2+ 36. Kf1 Nxf4 37. g3 Nd3 38. Ra2 Nxe5 39. Ne3 Nc4 40. Nd5
Kf8 41. Rxa4 Ne5 42. Ra2 g5 43. Kg2 Rd8 44. Ne3 g6 45. Nf1 Kg7 46. Rd2 Re8 47.
Ra2 Re6 48. h3 g4 49. hxg4 Nxg4 50. Rb2 Re1 51. Ra2 f5 52. Rb2 Kf6 53. Ra2 Kg5
54. Rb2 Ra1 55. Rd2 Re1 56. Ra2 Ne3+ 57. Nxe3 Rxe3 58. Ra4 Re4 59. Ra6 Kh5 60.
Rf6 Rc4 61. Rd6 g5 62. Rd2 Kg4 63. Re2 Rd4 64. Rb2 Ra4 65. Rc2 Ra3 66. Rc4+ f4
67. gxf4 Ra2+ 68. Kf1 gxf4 69. Rc1 Kg3 70. Rb1 f3 71. Rc1 Rh2 0-1

[Event "SR 2. liga A 2007/2008"]
[Site "?"]
[Date "2007.12.02"]
[Round "6.8"]
[White "Javor, Jozef"]
[Black "Danis, Jozef"]
[Result "0-1"]
[WhiteElo "1373"]
[BlackElo "1800"]
[PlyCount "76"]
[EventDate "2007.??.??"]
[WhiteTeam "Slovakia"]
[BlackTeam "Slovakia"]
[WhiteTeamCountry "SVK"]
[BlackTeamCountry "SVK"]

1. d4 Nf6 2. e3 d5 3. h3 Bf5 4. Nf3 h6 5. c4 e6 6. a3 Be7 7. Nc3 c6 8. b4 O-O
9. c5 Nbd7 10. Bd3 Qc7 11. Qc2 Bxd3 12. Qxd3 e5 13. dxe5 Nxe5 14. Qe2 Rfe8 15.
O-O Ne4 16. Nxe4 Nxf3+ 17. Qxf3 dxe4 18. Qg4 Bf6 19. Rb1 Rad8 20. Bb2 Bxb2 21.
Rxb2 Qe5 22. Qe2 Rd3 23. Ra2 Qc3 24. Rfa1 Red8 25. Rc1 Qxc1+ 26. Kh2 Rxa3 27.
Rc2 Qa1 28. Rc4 Qe5+ 29. g3 a6 30. Qg4 f5 31. Qe2 Rdd3 32. Rc1 Rab3 33. Rd1 Rb2
34. Qe1 Rxf2+ 35. Qxf2 Rxd1 36. h4 g6 37. Qa2+ Kg7 38. Qa5 Qb2+ 0-1

[Event "SR 2. liga A 2007/2008"]
[Site "?"]
[Date "2007.12.02"]
[Round "6.8"]
[White "Kovac, Andrej"]
[Black "Kolesar, Rastislav"]
[Result "1-0"]
[WhiteElo "1904"]
[BlackElo "1922"]
[PlyCount "101"]
[EventDate "2007.??.??"]
[WhiteTeam "Slovakia"]
[BlackTeam "Slovakia"]
[WhiteTeamCountry "SVK"]
[BlackTeamCountry "SVK"]

1. e4 d5 2. exd5 Qxd5 3. Nc3 Qa5 4. d4 c6 5. Nf3 Nf6 6. Bd2 Qc7 7. Bc4 Bg4 8.
h3 Bh5 9. g4 Bg6 10. Ne5 e6 11. Qe2 Nbd7 12. O-O-O O-O-O 13. Bf4 Bd6 14. Bg3
Nb6 15. Bb3 Rhe8 16. f4 Nfd5 17. Ne4 Bxe4 18. Qxe4 c5 19. Bxd5 Nxd5 20. c4 cxd4
21. Kb1 Nf6 22. Qf3 Bc5 23. g5 Ng8 24. Nd3 a5 25. Rhe1 Ne7 26. Nxc5 Qxc5 27.
Re5 Qa7 28. Be1 Nc6 29. Rb5 Rd7 30. Rd3 e5 31. Qe4 Rde7 32. f5 Rc7 33. Ra3 b6
34. c5 bxc5 35. Bxa5 Qa6 36. Qe2 Rb7 37. Bb6 Qxb6 38. Rxb6 Rxb6 39. Qe4 Kc7 40.
f6 gxf6 41. gxf6 Reb8 42. b3 Kd6 43. Qxh7 Ke6 44. Qc2 Nb4 45. Qxc5 Rc6 46. Qe7+
Kf5 47. Ra5 Re6 48. Qxf7 Rxf6 49. Qh5+ Ke6 50. Qxe5+ Kf7 51. Qxb8 1-0

[Event "SR 2. liga A 2007/2008"]
[Site "?"]
[Date "2007.12.02"]
[Round "6.8"]
[White "Kuna, Vladimir"]
[Black "Zacik, Anton"]
[Result "1/2-1/2"]
[WhiteElo "2083"]
[BlackElo "2088"]
[Annotator ",Kaiko"]
[PlyCount "30"]
[EventDate "2007.??.??"]
[WhiteTeam "Slovakia"]
[BlackTeam "Slovakia"]
[WhiteTeamCountry "SVK"]
[BlackTeamCountry "SVK"]
[TimeControl "240+2"]

{74MB, Hiarcs10.ctg} 1. d4 Nf6 2. Nf3 g6 3. c4 Bg7 4. Nc3 d5 5. Bg5 Ne4 6. Bf4
Nxc3 7. bxc3 dxc4 8. Qa4+ c6 9. Qxc4 O-O 10. e3 Nd7 11. Be2 Nb6 12. Qb3 Nd5 13.
O-O Nxf4 14. exf4 Qc7 15. Ne5 Be6 1/2-1/2

[Event "SR 2. liga A 2007/2008"]
[Site "?"]
[Date "2007.12.02"]
[Round "6.8"]
[White "Orosi, Peter"]
[Black "Raczko, Peter"]
[Result "1-0"]
[WhiteElo "1884"]
[BlackElo "2012"]
[PlyCount "35"]
[EventDate "2007.??.??"]
[WhiteTeam "Slovakia"]
[BlackTeam "Slovakia"]
[WhiteTeamCountry "SVK"]
[BlackTeamCountry "SVK"]

1. d4 d5 2. c4 e6 3. Nc3 Nf6 4. cxd5 exd5 5. Bg5 Be7 6. e3 c6 7. Bd3 O-O 8.
Nge2 Bg4 9. f3 Bh5 10. O-O Bg6 11. e4 dxe4 12. Bc4 exf3 13. Rxf3 Nbd7 14. Nf4
Bh5 15. Nxh5 Nxh5 16. Rxf7 Rxf7 17. Qxh5 g6 18. Bxf7+ 1-0